Statistics for Top 50 biggest ski resorts in Europe

Click here to take the quiz!

General Stats

  • This quiz has been taken 79 times
  • The average score is 14 of 50

Answer Stats

CountryTotal slope lenghtResort Name% Correct
Switzerland - Italy322 kmZermatt/Breuil-Cervinia/Valtournenche - Matterhorn
85%
France600 kmLes 3 Vallées - Val Thorens/Les Menuires/Méribel/Courchevel
82%
France300 kmTignes/Val d'Isère
75%
Austria302 kmSt. Anton/St. Christoph/Stuben/Lech/Zürs/Warth/Schröcken - Ski Arlberg
72%
Austria188 kmKitzSki - Kitzbühel/Kirchberg
62%
Switzerland412 km4 Vallées - Verbier/La Tzoumaz/Nendaz/Veysonnaz/Thyon
60%
Switzerland155 kmSt. Moritz - Corviglia
57%
Austria - Switzerland224 kmIschgl/Samnaun - Silvretta Arena
52%
Austria146.5 kmSölden
50%
France - Switzerland580 kmLes Portes du Soleil - Morzine/Avoriaz/Les Gets/Châtel/Morgins/Champéry
45%
Austria270 kmSaalbach Hinterglemm Leogang Fieberbrunn (Skicircus)
45%
France200 kmLes Arcs/Peisey-Vallandry (Paradiski)
42%
Austria123 kmSchladming - Planai/Hochwurzen/Hauser Kaibling/Reiteralm (4-Berge-Skischaukel)
42%
Austria120.1 kmSnow Space Salzburg - Flachau/Wagrain/St. Johann-Alpendorf
42%
Austria150 kmZillertal Arena - Zell am Ziller/Gerlos/Königsleiten/Hochkrimml
38%
Switzerland214 kmLaax/Flims/Falera
37%
Austria270 kmSkiWelt Wilder Kaiser-Brixental
35%
France250 kmAlpe d'Huez
32%
France225 kmLa Plagne (Paradiski)
32%
Italy130 kmAlta Badia
28%
Austria142 kmMayrhofen - Penken/Ahorn/Rastkogel/Eggalm
28%
Austria214 kmSerfaus-Fiss-Ladis
28%
Italy - France400 kmVia Lattea - Sestriere/Sauze d'Oulx/San Sicario/Claviere/Montgenèvre
28%
Italy178 kmVal Gardena (Gröden)
25%
Switzerland225 kmArosa Lenzerheide
23%
France263 kmMegève/Saint-Gervais
23%
France200 kmLes 2 Alpes
22%
France250 kmSerre Chevalier - Briançon/Chantemerle/Villeneuve-la-Salle/Le Monêtier-les-Bains
22%
Andorra210 kmGrandvalira - Pas de la Casa/Grau Roig/Soldeu/El Tarter/Canillo/Encamp
20%
France160 kmGalibier Thabor - Valmeinier/Valloire
18%
France265 kmLe Grand Massif - Flaine/Les Carroz/Morillon/Samoëns/Sixt
18%
France185 kmVars/Risoul - La Forêt Blanche
18%
Austria140.3 kmSilvretta Montafon
17%
Switzerland140 kmCrans-Montana
15%
France310 kmLes Sybelles - Le Corbier/La Toussuire/Les Bottières/St Colomban des Villards/St Sorlin/St Jean d'Arves
15%
France - Italy144.1 kmEspace San Bernardo - La Rosière/La Thuile
13%
France165 kmLe Grand Domaine - Valmorel/Doucy/Celliers/St François Longchamp
12%
Austria120 kmHochkönig - Maria Alm/Dienten/Mühlbach
10%
Italy120 kmKronplatz (Plan de Corones)
10%
Italy155 kmMadonna di Campiglio/Pinzolo/Folgàrida/Marilleva
10%
France125 kmVal Cenis - Lanslevillard/Lanslebourg/Termignon
10%
France135 kmAuron (Saint-Etienne-de-Tinée)
7%
France192 kmEspace Diamant - Les Saisies/Notre-Dame-de-Bellecombe/Praz sur Arly/Flumet/Crest-Voland
7%
Spain145 kmLa Molina/Masella - Alp 2500
7%
Italy132 kmAlagna Valsesia/Gressoney-La-Trinité/Champoluc/Frachey (Monterosa Ski)
5%
Spain165 kmBaqueira/Beret
5%
France180 kmEspace Lumière - Pra Loup/Val d'Allos
5%
France125 kmLa Clusaz/Manigod
5%
Spain143 kmFormigal
3%
France125 kmEspace Villard Corrençon - Villard-de-Lans/Corrençon-en-Vercors
2%

Score Distribution

Percentile by Number Answered

Percent of People with Each Score

Your Score History

You have not taken this quiz